[Event "Norway Chess op-B"]
[Site "Stavanger"]
[Date "2025.05.27"]
[Round "4"]
[White "Hoyland, William"]
[Black "Suresh, Kumar TJ"]
[Result "0-1"]
[WhiteElo "1793"]
[BlackElo "2100"]
[PlyCount "156"]
[EventDate "2025.05.27"]
[EventType "swiss"]
[EventRounds "9"]
[EventCountry "NOR"]
[SourceTitle "CB23_2025"]
[SourceDate "2025.06.04"]
[SourceVersion "1"]
[SourceVersionDate "2025.06.04"]
[SourceQuality "1"]

1. d4 d5 2. Nc3 Nf6 3. Bf4 e6 4. Nb5 Na6 5. e3 Be7 6. a3 0-0 7. Bd3 Bd7 8. Nc3 c5 9. Nf3 c4 10. Be2 b5 11. Ne5 b4 12. axb4 Nxb4 13. Bf3 Be8 14. 0-0 a5 15. Na4 Nd7 16. b3 cxb3 17. cxb3 Nxe5 18. Bxe5 Rc8 19. Rc1 Rxc1 20. Qxc1 Nd3 21. Bc7 Nxc1 22. Bxd8 Ba3 23. Be7 Bxe7 24. Rxc1 Bb5 25. Rc7 Bd6 26. Ra7 Bb4 27. g3 Rc8 28. Nc5 g6 29. h4 Be8 30. Nb7 Rc1+ 31. Kg2 Bb5 32. Nxa5 Bf1+ 33. Kh2 Be1 34. Kg1 Bd3 35. Nb7 Rc2 36. Nc5 Bxf2+ 37. Kh1 Bb5 38. Rc7 Rc1+ 39. Kg2 Bxe3 40. g4 Rg1+ 41. Kh3 Bxd4 42. g5 Be5 43. Rc8+ Kg7 44. Bg2 Re1 45. Bf3 Re3 46. Kg2 Bd4 47. Rc7 Bxc5 48. Rxc5 Rxb3 49. Rc7 Bd3 50. Rc8 Rb4 51. Kg3 Be4 52. Bg4 Rb7 53. Rd8 Re7 54. Kf4 e5+ 55. Ke3 f6 56. Rd6 f5 57. Bd1 d4+ 58. Kf2 f4 59. Bb3 Rb7 60. Bc4 Bf5 61. Rd8 h6 62. Rg8+ Kh7 63. Kf3 hxg5 64. hxg5 Rc7 65. Bd5 Rc3+ 66. Kf2 Rc5 67. Bb3 Rb5 68. Bc4 Rc5 69. Bb3 e4 70. Rf8 Rc7 71. Rf6 Rb7 72. Bd5 Rd7 73. Bb3 d3 74. Be6 Bxe6 75. Rxe6 d2 76. Kg2 d1Q 77. Kh3 Rd3+ 78. Kh4 Qh5# 0-1

[Event "Norway Chess op-B"]
[Site "Stavanger"]
[Date "2025.05.27"]
[Round "1"]
[White "Wu, Chenyu"]
[Black "Suresh, Kumar TJ"]
[Result "1/2-1/2"]
[WhiteElo "1604"]
[BlackElo "2100"]
[PlyCount "134"]
[EventDate "2025.05.27"]
[EventType "swiss"]
[EventRounds "9"]
[EventCountry "NOR"]
[SourceTitle "CB23_2025"]
[SourceDate "2025.06.04"]
[SourceVersion "1"]
[SourceVersionDate "2025.06.04"]
[SourceQuality "1"]

1. d4 d5 2. c4 c6 3. Nc3 Nf6 4. Nf3 e6 5. e3 Nbd7 6. Bd3 Bd6 7. 0-0 0-0 8. e4 dxc4 9. Bxc4 e5 10. Bg5 Qe7 11. d5 Rd8 12. Qc2 h6 13. Bh4 Nf8 14. dxc6 bxc6 15. Rad1 Ng6 16. Bg3 Bg4 17. Rd3 Nh5 18. Ne2 Nf6 19. Nh4 Nxh4 20. Bxh4 g5 21. f3 Bc5+ 22. Bf2 Bxf2+ 23. Rxf2 Rxd3 24. Qxd3 Rd8 25. Qb3 Bc8 26. Ng3 Kg7 27. Rf1 Rd4 28. Kh1 Rd2 29. Qb8 Rd8 30. Qxc8 Rxc8 31. Nf5+ Kf8 32. Nxe7 Kxe7 33. Rd1 Ne8 34. Kg1 Nd6 35. Bb3 f6 36. Kf2 Nb5 37. Ke3 Nd4 38. Bc4 Rb8 39. Rd2 Rb4 40. b3 a5 41. Bf1 Kd6 42. Kd3 h5 43. Kc3 Rb8 44. Bc4 Kc5 45. Bf7 Rh8 46. h3 h4 47. Bc4 Rb8 48. Bd3 Ra8 49. Bc4 Rb8 50. Bd3 Rd8 51. a4 Ne6 52. Rf2 Nf4 53. Bc4 Rd1 54. Ba6 Ne6 55. Bc4 Nf4 56. Ba6 Rc1+ 57. Kd2 Rg1 58. Bf1 Kd4 59. b4 axb4 60. a5 Kc5 61. a6 Kb6 62. Kc2 Ne6 63. Kb3 Nc5+ 64. Kxb4 Nxa6+ 65. Bxa6 Kxa6 66. Kc5 Rd1 67. Kxc6 Ka5 1/2-1/2

[Event "IND-ch Challengers 50th"]
[Site "Tirupati"]
[Date "2012.05.19"]
[Round "3.7"]
[White "Ramnath, Bhuvanesh R"]
[Black "Suresh, Kumar TJ"]
[Result "1/2-1/2"]
[WhiteElo "2355"]
[BlackElo "2221"]
[PlyCount "121"]
[EventDate "2012.05.18"]
[EventType "swiss"]
[EventRounds "13"]
[EventCountry "IND"]
[SourceTitle "CBM 148 Extra"]
[Source "ChessBase"]
[SourceDate "2012.06.22"]
[SourceVersion "1"]
[SourceVersionDate "2012.06.22"]
[SourceQuality "1"]

1. e4 c5 2. Nf3 Nc6 3. Nc3 d6 4. d4 cxd4 5. Nxd4 Nf6 6. Bc4 e6 7. Bb3 a6 8. Be3 Be7 9. Qe2 Qc7 10. 0-0-0 Na5 11. g4 b5 12. g5 Nxb3+ 13. axb3 Nd7 14. Kb1 Bb7 15. f3 Nc5 16. Qd2 0-0 17. h4 b4 18. Na4 Rfc8 19. h5 Bc6 20. Nxc6 Qxc6 21. Nxc5 dxc5 22. Qd7 Qxd7 23. Rxd7 Kf8 24. Rhd1 Ke8 25. Rb7 Rd8 26. Kc1 Rxd1+ 27. Kxd1 a5 28. Ke2 c4 29. f4 cxb3 30. cxb3 e5 31. fxe5 a4 32. bxa4 Rxa4 33. e6 fxe6 34. g6 hxg6 35. hxg6 Bf6 36. b3 Ra2+ 37. Kf3 Bc3 38. Bg5 Rb2 39. Re7+ Kf8 40. Rf7+ Ke8 41. Re7+ Kf8 42. Rd7 Bf6 43. Rf7+ Kg8 44. Bxf6 gxf6 45. Rxf6 e5 46. Rb6 Rxb3+ 47. Kg4 Kg7 48. Kf5 Rf3+ 49. Kxe5 b3 50. Kd5 Rd3+ 51. Ke6 Kxg6 52. e5 Re3 53. Rb7 Kg5 54. Rb4 Rc3 55. Kd7 Kf5 56. e6 Rd3+ 57. Ke7 Re3 58. Rb5+ Re5 59. Rxe5+ Kxe5 60. Kf7 b2 61. e7 1/2-1/2

[Event "Chennai op 3rd"]
[Site "Chennai"]
[Date "2011.01.22"]
[Round "7"]
[White "Suresh, Kumar TJ"]
[Black "Tiwari, Arjun"]
[Result "0-1"]
[WhiteElo "2204"]
[BlackElo "2346"]
[PlyCount "76"]
[EventDate "2011.01.18"]
[EventType "swiss"]
[EventRounds "11"]
[EventCountry "IND"]
[SourceTitle "CBM 140 Extra"]
[Source "ChessBase"]
[SourceDate "2011.03.01"]
[SourceVersion "1"]
[SourceVersionDate "2011.03.01"]
[SourceQuality "1"]

1. Nf3 g6 2. c4 Bg7 3. g3 d6 4. Bg2 e5 5. d3 f5 6. Nc3 Nc6 7. 0-0 Nf6 8. Rb1 0-0 9. b4 h6 10. b5 Ne7 11. c5 Kh7 12. cxd6 cxd6 13. e4 f4 14. d4 exd4 15. Nxd4 Nh5 16. Nce2 d5 17. Nxf4 Nxf4 18. Bxf4 dxe4 19. Nb3 Nd5 20. Bd2 Bf5 21. Rc1 Qe8 22. Ba5 Nf6 23. Qe2 b6 24. Bb4 Rf7 25. Nd4 Bg4 26. f3 Nd5 27. fxg4 Bxd4+ 28. Kh1 Rxf1+ 29. Rxf1 Nxb4 30. Qc4 e3 31. Qxd4 e2 32. Qxb4 exf1Q+ 33. Bxf1 Qf8 34. Qb1 Rd8 35. Be2 Qf2 36. Qc2 Rd7 37. h4 Re7 38. h5 Qe1+ 0-1

[Event "Chennai op 2nd"]
[Site "Chennai"]
[Date "2010.01.29"]
[Round "6"]
[White "Suresh, Kumar TJ"]
[Black "Saptarshi, Roy Chowdhury"]
[Result "0-1"]
[WhiteElo "2229"]
[BlackElo "2407"]
[PlyCount "88"]
[EventDate "2010.01.25"]
[EventType "swiss"]
[EventRounds "11"]
[EventCountry "IND"]
[SourceTitle "CBM 134 Extra"]
[Source "ChessBase"]
[SourceDate "2010.03.03"]
[SourceVersion "1"]
[SourceVersionDate "2010.03.03"]
[SourceQuality "1"]

1. c4 b6 2. Nf3 Bb7 3. g3 e6 4. Bg2 g6 5. Nc3 Bg7 6. 0-0 Ne7 7. d4 0-0 8. d5 Na6 9. e4 exd5 10. cxd5 Nc5 11. Re1 Ba6 12. Bf1 Bxf1 13. Kxf1 d6 14. Be3 f5 15. Bd4 fxe4 16. Bxg7 Kxg7 17. Nxe4 Nxe4 18. Rxe4 Qd7 19. Ng5 Rf6 20. Qe2 Nxd5 21. Ne6+ Kg8 22. g4 Rf7 23. Re1 Nf6 24. Re3 Re8 25. Ng5 Rxe3 26. Qxe3 Nxg4 27. Qe8+ Qxe8 28. Rxe8+ Rf8 29. Rxf8+ Kxf8 30. h3 Ne5 31. Ne6+ Ke7 32. Nxc7 Nd3 33. b3 Kd7 34. Nb5 a6 35. Nd4 d5 36. Kg2 Nf4+ 37. Kg3 Ne6 38. Nc2 Kd6 39. Kf3 Ke5 40. Ke3 d4+ 41. Kd3 Nf4+ 42. Kc4 b5+ 43. Kb4 d3 44. Ne3 Nd5+ 0-1

[Event "New Delhi Parsvnath op 6th"]
[Site "New Delhi"]
[Date "2008.01.16"]
[Round "6"]
[White "Suresh, Kumar TJ"]
[Black "Akshayraj, Kore"]
[Result "0-1"]
[WhiteElo "2200"]
[BlackElo "2399"]
[PlyCount "87"]
[EventDate "2008.01.13"]
[EventType "swiss"]
[EventRounds "10"]
[EventCountry "IND"]
[SourceTitle "CBM 122 Extra"]
[Source "ChessBase"]
[SourceDate "2008.03.04"]
[SourceVersion "1"]
[SourceVersionDate "2008.03.04"]
[SourceQuality "1"]

1. c4 e6 2. g3 d5 3. Bg2 Nf6 4. Nf3 d4 5. 0-0 Nc6 6. e3 Be7 7. Nxd4 Nxd4 8. exd4 Qxd4 9. Qa4+ c6 10. Na3 0-0 11. Nc2 Qd3 12. Ne1 Qf5 13. d4 e5 14. dxe5 Qxe5 15. Nf3 Qh5 16. Re1 Bd6 17. Bg5 Bg4 18. Bxf6 gxf6 19. Qb3 Rad8 20. Qc3 Kg7 21. Rac1 Qc5 22. Re4 Bf5 23. Nh4 Bg6 24. Nxg6 hxg6 25. Re2 Rh8 26. h3 Be5 27. b4 Bxc3 28. bxc5 Bd4 29. Re7 Bxc5 30. Rxb7 Rd2 31. Rf1 Rc8 32. a4 Ra2 33. h4 Rd8 34. Bxc6 Rdd2 35. Rb3 Bxf2+ 36. Kg2 f5 37. Kf3 Bc5 38. g4 fxg4+ 39. Kxg4 f5+ 40. Kg3 Bd6+ 41. Kf3 Rh2 42. Rb7+ Kf6 43. Ke3 Ra3+ 44. Kd4 0-1

[Event "IND Railways-ch"]
[Site "Chennai"]
[Date "2006.07.31"]
[Round "9"]
[White "Umakanth, Sharma"]
[Black "Suresh, Kumar TJ"]
[Result "1-0"]
[WhiteElo "1933"]
[BlackElo "2210"]
[PlyCount "83"]
[EventDate "2006.07.27"]
[EventType "tourn"]
[EventRounds "9"]
[EventCountry "IND"]
[SourceTitle "EXT 2010"]
[Source "ChessBase"]
[SourceDate "2010.11.25"]
[SourceVersion "1"]
[SourceVersionDate "2010.11.25"]
[SourceQuality "1"]

1. d4 d5 2. Nf3 Nf6 3. c4 c6 4. Nc3 e6 5. Bg5 dxc4 6. e4 b5 7. e5 h6 8. Bh4 g5 9. Nxg5 hxg5 10. Bxg5 Nbd7 11. g3 Qb6 12. exf6 Bb7 13. Bg2 0-0-0 14. 0-0 c5 15. d5 Bh6 16. Qd2 Bxg5 17. Qxg5 b4 18. dxe6 fxe6 19. Na4 Qb5 20. Bxb7+ Qxb7 21. Nxc5 Qf3 22. Nxd7 Rxh2 23. Qc5+ Kb7 24. Qb5+ Ka8 25. Nb6+ axb6 26. Qa6+ Kb8 27. Qxb6+ Kc8 28. Qc5+ Kb8 29. Qxb4+ Ka7 30. Qe7+ Ka6 31. Qxe6+ Kb7 32. Kxh2 Rh8+ 33. Qh3 Rxh3+ 34. Kxh3 Qxf6 35. Rac1 Qf5+ 36. Kh2 Qc5 37. f4 Qh5+ 38. Kg1 Qd5 39. f5 Kc6 40. f6 Qe5 41. Rxc4+ Kd7 42. Rc3 1-0

[Event "United Insurance 8th"]
[Site "Dhaka"]
[Date "2005.04.14"]
[Round "11"]
[White "Suresh, Kumar TJ"]
[Black "Roy Chowdhury, Saptarshi"]
[Result "1/2-1/2"]
[WhiteElo "2226"]
[BlackElo "2397"]
[PlyCount "28"]
[EventDate "2005.04.05"]
[EventType "swiss"]
[EventRounds "11"]
[EventCountry "BAN"]
[SourceTitle "CBM 105 Extra"]
[Source "ChessBase"]
[SourceDate "2005.05.01"]
[SourceVersion "1"]
[SourceVersionDate "2005.05.01"]
[SourceQuality "1"]

1. Nf3 c5 2. g3 Nc6 3. Bg2 g6 4. 0-0 Bg7 5. d3 d6 6. c4 e5 7. Nc3 Nge7 8. Rb1 0-0 9. a3 a5 10. Nd5 Nxd5 11. cxd5 Ne7 12. Nd2 b5 13. a4 b4 14. Nc4 Ba6 1/2-1/2

[Event "United Insurance 8th"]
[Site "Dhaka"]
[Date "2005.04.12"]
[Round "9"]
[White "Suresh, Kumar TJ"]
[Black "Chowdhury, Sohel"]
[Result "1-0"]
[WhiteElo "2226"]
[BlackElo "2163"]
[PlyCount "81"]
[EventDate "2005.04.05"]
[EventType "swiss"]
[EventRounds "11"]
[EventCountry "BAN"]
[SourceTitle "CBM 105 Extra"]
[Source "ChessBase"]
[SourceDate "2005.05.01"]
[SourceVersion "1"]
[SourceVersionDate "2005.05.01"]
[SourceQuality "1"]

1. Nf3 d5 2. g3 c5 3. Bg2 Nc6 4. 0-0 e6 5. c4 Nf6 6. cxd5 exd5 7. d4 Be7 8. Nc3 h6 9. h3 0-0 10. Be3 c4 11. Ne5 Be6 12. b3 Bb4 13. Nxc6 bxc6 14. Bd2 Qa5 15. Qc2 cxb3 16. axb3 Qb6 17. e3 a5 18. Na4 Qb5 19. Bxb4 Qxb4 20. Nc5 Rfe8 21. Ra4 Qb6 22. Rfa1 Ne4 23. Bxe4 dxe4 24. Nxe6 Rxe6 25. b4 Qb5 26. Rxa5 Rxa5 27. bxa5 Qa6 28. Qc5 Rf6 29. Qc2 Re6 30. Qb1 Re8 31. Qf1 Qa7 32. Qc4 Qd7 33. a6 Ra8 34. Qa4 Ra7 35. g4 Qc7 36. d5 h5 37. Qxc6 Qe5 38. Qc8+ Kh7 39. Qf5+ Qxf5 40. gxf5 Kg8 41. Kg2 1-0

[Event "United Insurance 8th"]
[Site "Dhaka"]
[Date "2005.04.06"]
[Round "2"]
[White "Suresh, Kumar TJ"]
[Black "Hossain, Monir Khan"]
[Result "1/2-1/2"]
[WhiteElo "2226"]
[BlackElo "2170"]
[PlyCount "50"]
[EventDate "2005.04.05"]
[EventType "swiss"]
[EventRounds "11"]
[EventCountry "BAN"]
[SourceTitle "CBM 105 Extra"]
[Source "ChessBase"]
[SourceDate "2005.05.01"]
[SourceVersion "1"]
[SourceVersionDate "2005.05.01"]
[SourceQuality "1"]

1. Nf3 g6 2. g3 Bg7 3. Bg2 Nf6 4. 0-0 0-0 5. c4 d6 6. Nc3 c6 7. d3 Nbd7 8. Rb1 Re8 9. b4 Qc7 10. b5 c5 11. a4 Rb8 12. Bd2 Qd8 13. Qc1 Nf8 14. a5 Bg4 15. h3 Bd7 16. Kh2 Ne6 17. Re1 Bh8 18. Kg1 Qc8 19. Kh2 Ng7 20. Bg5 Ne6 21. Bd2 Ng7 22. Bg5 Ne6 23. Bd2 Ng7 24. e4 e5 25. Be3 Ne6 1/2-1/2

[Event "Chennai WinTV op 1st"]
[Site "Chennai"]
[Date "2004.01.27"]
[Round "8"]
[White "Suresh, Kumar TJ"]
[Black "Deshmukh, Anup"]
[Result "1/2-1/2"]
[WhiteElo "2219"]
[BlackElo "2340"]
[PlyCount "59"]
[EventDate "2004.01.21"]
[EventType "swiss"]
[EventRounds "13"]
[EventCountry "IND"]
[SourceTitle "CBM 098 Extra"]
[Source "ChessBase"]
[SourceDate "2004.03.10"]
[SourceVersion "2"]
[SourceVersionDate "2004.03.10"]
[SourceQuality "1"]

1. Nf3 d5 2. g3 c6 3. Bg2 Bg4 4. 0-0 Nd7 5. d3 Ngf6 6. Nbd2 Qc7 7. c4 e6 8. a3 a5 9. b3 Be7 10. Bb2 0-0 11. h3 Bh5 12. Qc2 Rfe8 13. e4 Bg6 14. Nh4 b5 15. Nxg6 hxg6 16. Rfc1 dxc4 17. dxc4 b4 18. a4 Bc5 19. Nf1 e5 20. Nd2 Nh5 21. Kf1 Nf8 22. Nf3 f6 23. h4 Rad8 24. Bh3 Qe7 25. Rd1 Ne6 26. Rxd8 Rxd8 27. Rd1 Nd4 28. Bxd4 exd4 29. Qd3 Bb6 30. Bg4 1/2-1/2

[Event "Chennai WinTV op 1st"]
[Site "Chennai"]
[Date "2004.01.22"]
[Round "3"]
[White "Suresh, Kumar TJ"]
[Black "Prasad, Devaki V"]
[Result "0-1"]
[WhiteElo "2219"]
[BlackElo "2395"]
[PlyCount "109"]
[EventDate "2004.01.21"]
[EventType "swiss"]
[EventRounds "13"]
[EventCountry "IND"]
[SourceTitle "CBM 098 Extra"]
[Source "ChessBase"]
[SourceDate "2004.03.10"]
[SourceVersion "2"]
[SourceVersionDate "2004.03.10"]
[SourceQuality "1"]

1. Nf3 c5 2. g3 g6 3. Bg2 Bg7 4. 0-0 Nc6 5. d3 d6 6. c4 Rb8 7. Nc3 a6 8. a3 b5 9. cxb5 axb5 10. a4 b4 11. Nb5 Ba6 12. Ng5 Qd7 13. Qb3 Nh6 14. Qd5 Bxb5 15. axb5 Nd4 16. b6 Nxe2+ 17. Kh1 0-0 18. Ra7 Qd8 19. b7 Nxc1 20. Rxc1 e6 21. Nxe6 fxe6 22. Qxe6+ Kh8 23. Ra8 Bxb2 24. Rc2 Re8 25. Qxe8+ Qxe8 26. Rxb8 Qxb8 27. Rxb2 d5 28. Bxd5 Kg7 29. Re2 Nf5 30. g4 Nd4 31. Re7+ Kf6 32. Rxh7 Ke5 33. Bc4 b3 34. Re7+ Kf4 35. Bd5 Kxg4 36. Kg2 Qd6 37. f3+ Kg5 38. Re8 Qxd5 39. b8Q Qxf3+ 40. Kg1 Qd1+ 41. Kg2 Qd2+ 42. Kf1 Qxd3+ 43. Kg2 Qf3+ 44. Kg1 Ne2+ 45. Rxe2 Qxe2 46. Qxb3 c4 47. Qb5+ Kf4 48. Qb8+ Qe5 49. Qf8+ Ke4 50. Qa8+ Kd3 51. Qa6 g5 52. Kg2 Qe4+ 53. Kg3 Qf4+ 54. Kg2 Qg4+ 55. Kf2 0-1